Sistema de derecho civil.
Salvato in:
| Autore principale: | |
|---|---|
| Altri autori: | |
| Natura: | Libro |
| Lingua: | spagnolo |
| Pubblicazione: |
Madrid, España:
Tecnos,
2012.
|
| Edizione: | Undécima edición. |
| Soggetti: | |
| Tags: |
Aggiungi Tag
Nessun Tag, puoi essere il primo ad aggiungerne!!
|
MARC
| LEADER | 00000nam a2200000 a 4500 | ||
|---|---|---|---|
| 001 | UCK1085 | ||
| 003 | CL-VaPUC | ||
| 005 | 20220822114451.0 | ||
| 008 | 041105e20120000SP |||||||||||||||||spa|d | ||
| 999 | |c 435759 |d 435757 | ||
| 020 | |a 978-84-309-55205-3 (v.IV-t.1) | ||
| 020 | |a 978-84-309-55206-0 (v.IV-t.2) | ||
| 040 | |c Pontificia Universidad Católica de Valparaíso | ||
| 082 | 0 | 4 | |a 346.46 DIE 2012 |2 21 |
| 100 | 0 | |a Díez-Picazo y Ponce de León, Luis María |e autor |9 487207 | |
| 245 | 1 | 0 | |a Sistema de derecho civil. |
| 250 | |a Undécima edición. | ||
| 260 | |a Madrid, España: |b Tecnos, |c 2012. | ||
| 300 | |a volumen IV, tomos 1-2. | ||
| 500 | |a v.IV. t.1-2. c.1 Donación Familia Prof. Alejandro Guzmán Brito. | ||
| 505 | |a v.IV. (Tomo 1). Derecho de familia. v.III. (Tomo 2). Derechos de sucesiones. | ||
| 583 | |a last modification |c 20041105 00:00:00 |k Cristina María Rojas Aguilar | ||
| 650 | |a Derecho civil |9 255013 | ||
| 650 | |a Derecho de familia |9 255603 | ||
| 650 | |a Derecho de sucesiones |9 870113 | ||
| 700 | 0 | |a Gullón, Antonio |e autor |9 488909 | |
| 942 | |c BK |2 ddc |n 0 | ||
| 952 | |0 0 |1 0 |2 ddc |4 0 |6 346_460000000000000_DIE_2012 |7 1 |8 C_AGB |9 583358 |a BIBDER |b BIBDER |d 2022-06-02 |e Donación |h v.IV t.1 |i 5651495 |o 346.46 DIE 2012 |p 5651495 |r 2022-06-02 |t 1 |w 2022-06-02 |y BK_US |k AGB | ||
| 952 | |0 0 |1 0 |2 ddc |4 0 |6 346_460000000000000_DIE_2012 |7 1 |8 C_AGB |9 583359 |a BIBDER |b BIBDER |d 2022-06-02 |e Donación |h v.IV t.2 |i 5651496 |o 346.46 DIE 2012 |p 5651496 |r 2022-06-02 |t 1 |w 2022-06-02 |y BK_US |k AGB | ||